[Event "PRO League Group Stage"]
[Site "chess.com INT"]
[Date "2019.02.07"]
[Round "5"]
[White "Margvelashvili, Giorgi"]
[Black "Ravuri, Vinesh"]
[Result "1-0"]
[WhiteTitle "GM"]
[WhiteElo "2530"]
[BlackElo "2042"]
[WhiteTeam "Seattle Sluggers"]
[BlackTeam "San Jose Hackers"]
[WhiteFideId "13602926"]
[BlackFideId "45042632"]
[EventDate "2019.01.08"]

1. Nf3 Nf6 2. c4 g6 3. Nc3 Bg7 4. e4 d6 5. d4 O-O 6. h3 e5 7. d5 Nh5 8. g3 f5 9.
exf5 gxf5 10. Nh4 Qe8 11. Be2 Nf6 12. Qc2 Na6 13. Bg5 e4 14. O-O-O Nd7 15. Kb1
h6 16. Be3 Ne5 17. Qd2 Kh7 18. g4 Nc5 19. gxf5 Bxf5 20. Nxf5 Rxf5 21. Bxc5 dxc5
22. Nxe4 Qf7 23. Rhg1 Re8 24. d6 Rf4 25. Bh5 Qf5 26. Bxe8 Qxe4+ 27. Qc2 Qxc2+
28. Kxc2 Rxf2+ 29. Kc1 cxd6 30. Rxd6 Bf6 31. b3 Rxa2 32. Kb1 Rf2 33. Bh5 Rf5 34.
Bd1 Rg5 35. Rxg5 Bxg5 36. Rd5 Nc6 37. Rxc5 Be3 38. Rd5 Kg6 39. Bc2+ Kf6 40. Rd7
Na5 41. Ka2 Ke6 42. Rh7 Kd6 43. Be4 Kc5 44. Bxb7 Kb4 45. Bd5 Nxb3 46. Rb7+ Bb6
47. Rh7 Be3 48. Kb2 Na5 49. Kc2 a6 50. Kd3 Bc1 51. h4 Nb3 52. Rb7+ Ka3 53. Kc2 1-0

[Event "PRO League Group Stage"]
[Site "chess.com INT"]
[Date "2019.02.07"]
[Round "5"]
[White "Yu, Jason"]
[Black "Prasanna, Raghuram Rao"]
[Result "1-0"]
[BlackTitle "IM"]
[WhiteElo "2081"]
[BlackElo "2460"]
[WhiteTeam "Seattle Sluggers"]
[BlackTeam "San Jose Hackers"]
[WhiteFideId "30907624"]
[BlackFideId "5022401"]
[EventDate "2019.01.08"]

1. e4 e5 2. Nf3 Nc6 3. Bc4 Nf6 4. Ng5 d5 5. exd5 b5 6. Bf1 h6 7. Nxf7 Kxf7 8.
dxc6 Bc5 9. Bxb5 Ng4 10. Rf1 Qf6 11. Qe2 Be6 12. Nc3 Qh4 13. Ne4 Bb6 14. h3 Nf6
15. Nxf6 gxf6 16. g3 Qxh3 17. Bc4 Rad8 18. b3 Ke7 19. Ba3+ Kf7 20. O-O-O Bxc4
21. Qxc4+ Kg7 22. Rh1 Qf5 23. Rh4 h5 24. g4 Qxf2 25. gxh5 Rd4 26. Rg4+ Kh6 27.
Rg6+ Kxh5 28. Qf7 1-0

[Event "PRO League Group Stage"]
[Site "chess.com INT"]
[Date "2019.02.07"]
[Round "5"]
[White "Corrales Jimenez, Fidel"]
[Black "Sarana, Alexey"]
[Result "1-0"]
[WhiteTitle "GM"]
[BlackTitle "GM"]
[WhiteElo "2559"]
[BlackElo "2630"]
[WhiteTeam "Minnesota Blizzard"]
[BlackTeam "Australia Kangaroos"]
[WhiteFideId "3506690"]
[BlackFideId "24133795"]
[EventDate "2019.01.08"]

1. d4 Nf6 2. c4 e6 3. Nf3 d5 4. Nc3 Bb4 5. Qa4+ Nc6 6. cxd5 exd5 7. Bg5 O-O 8.
e3 h6 9. Bxf6 Qxf6 10. Be2 Be6 11. O-O a6 12. Qb3 Rfd8 13. Rac1 Rab8 14. Na4 Bd6
15. Nc5 Bc8 16. Kh1 a5 17. a3 b6 18. Na6 Bxa6 19. Bxa6 Ne7 20. Be2 Qe6 21. Qc3
c5 22. Bb5 f5 23. Ne5 Bxe5 24. dxe5 c4 25. f4 Rdc8 26. b3 cxb3 27. Qxb3 Rc5 28.
Bd7 Qxd7 29. Rxc5 a4 30. Qb5 Qe6 31. Rc7 d4 32. Qd7 Qxd7 33. Rxd7 dxe3 34. Rxe7
Rd8 35. Re1 Rd3 36. Rb7 Rxa3 37. Rxb6 Rc3 38. g3 a3 39. Ra6 g5 40. Ra7 Kf8 41.
Rb1 1-0

[Event "PRO League Group Stage"]
[Site "chess.com INT"]
[Date "2019.02.07"]
[Round "5"]
[White "Tang, Andrew"]
[Black "Cheng, Bobby"]
[Result "1-0"]
[WhiteTitle "GM"]
[BlackTitle "IM"]
[WhiteElo "2487"]
[BlackElo "2520"]
[WhiteTeam "Minnesota Blizzard"]
[BlackTeam "Australia Kangaroos"]
[WhiteFideId "2059630"]
[BlackFideId "4300033"]
[EventDate "2019.01.08"]

1. d4 d5 2. Bf4 Nf6 3. e3 c5 4. Nf3 Nc6 5. Nbd2 cxd4 6. exd4 Bf5 7. c3 e6 8. Nh4
Bg4 9. Qb3 Bd6 10. Bxd6 Qxd6 11. h3 Bh5 12. g4 Bg6 13. Nxg6 hxg6 14. Bg2 g5 15.
Qxb7 Rb8 16. Nc4 Qd7 17. Qa6 Qc7 18. b3 Ne7 19. Qa5 Rc8 20. Qxc7 Rxc7 21. Nd6+
Kf8 22. c4 dxc4 23. bxc4 Ng6 24. Rb1 Ke7 25. c5 Nf4 26. Bf3 Rd7 27. Kd2 Ne8 28.
Bc6 Nxd6 29. Bxd7 Ne4+ 30. Ke3 Nc3 31. Rb7 Kf6 32. Bc6 Ncd5+ 33. Bxd5 Nxd5+ 34.
Kf3 a5 35. c6 Rc8 36. Rc1 Nb4 37. c7 Nd5 38. Rc5 a4 39. Ra7 a3 40. Rxa3 Rxc7 41.
Rxc7 Nxc7 42. Rb3 Ke7 43. a4 Kd6 44. a5 Kc6 45. Rb6+ Kd5 46. Ke3 Na8 47. Rb7 f5
48. Rxg7 1-0

[Event "PRO League Group Stage"]
[Site "chess.com INT"]
[Date "2019.02.07"]
[Round "5"]
[White "Ly, Moulthun"]
[Black "Beerdsen, Thomas"]
[Result "1-0"]
[WhiteTitle "GM"]
[BlackTitle "IM"]
[WhiteElo "2486"]
[BlackElo "2484"]
[WhiteTeam "Australia Kangaroos"]
[BlackTeam "Minnesota Blizzard"]
[WhiteFideId "3204405"]
[BlackFideId "1030108"]
[EventDate "2019.01.08"]

1. c4 e5 2. g3 Nf6 3. Bg2 d5 4. cxd5 Nxd5 5. Nc3 Nb6 6. Nf3 Nc6 7. O-O Be7 8. d3
O-O 9. a3 a5 10. Be3 a4 11. Bxb6 cxb6 12. Nxa4 e4 13. Ne1 e3 14. fxe3 Bg5 15.
Nc3 Bxe3+ 16. Kh1 Be6 17. Nc2 Bb3 18. Qb1 Bh6 19. Nb4 Rc8 20. Qe1 Be3 21. Nbd5
Bd4 22. e4 Ne5 23. Qd2 Bxd5 24. Nxd5 Re8 25. Rac1 Rc6 26. Bh3 Qd6 27. Qf4 Kh8
28. b4 Qh6 29. Qxh6 Rxh6 30. Kg2 Rc6 31. Nc7 Rd8 32. Nb5 f6 33. Na7 Rxc1 34.
Rxc1 Nxd3 35. Rc7 Be5 36. Rxb7 Ne1+ 37. Kf2 Nc2 38. Nc6 Rd2+ 39. Kf1 g6 40. Nxe5
fxe5 41. Rxb6 Rxh2 42. Be6 Nxa3 43. Rb7 Rb2 44. Bd5 h5 45. Kg1 g5 46. Bc6 h4 47.
gxh4 gxh4 48. b5 h3 49. b6 Nc4 50. Rb8+ Kg7 51. b7 Ne3 52. Rd8 h2+ 53. Kh1 Nf1
54. Rd3 Rb1 55. Kg2 Rb2+ 56. Kh1 Rb1 57. Kg2 Rb2+ 58. Kh1 Rb1 59. Rd1 Ng3+ 60.
Kxh2 Rxd1 61. b8=Q Nf1+ 62. Kg1 Ne3+ 63. Kf2 Ng4+ 64. Ke2 Rd4 65. Qc7+ Kf6 66.
Bd5 Kg5 67. Qe7+ Kf4 68. Qf8+ Kg5 69. Qg7+ Kf4 70. Qf7+ Kg5 71. Qf5+ Kh4 72. Be6
Nh6 73. Qf6+ Kh5 74. Bf7+ Nxf7 75. Qxf7+ Kg5 76. Qf5+ 1-0

[Event "PRO League Group Stage"]
[Site "chess.com INT"]
[Date "2019.02.07"]
[Round "5"]
[White "Song, Raymond"]
[Black "Mitkov, Nikola"]
[Result "1-0"]
[WhiteTitle "FM"]
[BlackTitle "GM"]
[WhiteElo "2329"]
[BlackElo "2477"]
[WhiteTeam "Australia Kangaroos"]
[BlackTeam "Minnesota Blizzard"]
[WhiteFideId "3203824"]
[BlackFideId "15000290"]
[EventDate "2019.01.08"]

1. d4 d5 2. c4 e6 3. Nf3 Nf6 4. g3 dxc4 5. Bg2 Nc6 6. Qa4 Bd7 7. Qxc4 Na5 8. Qd3
c5 9. O-O Bc6 10. Nc3 Be7 11. Rd1 O-O 12. e4 Qb6 13. Be3 Rfd8 14. Ne5 Be8 15. d5
Bd6 16. Nc4 Nxc4 17. Qxc4 Ng4 18. Bg5 Qxb2 19. Qe2 Qxe2 20. Nxe2 f6 21. Bd2 exd5
22. exd5 Bh5 23. f3 Ne5 24. g4 Bf7 25. Bc3 Nc4 26. a4 Ne3 27. Rd3 Nxd5 28. Ba5
Bc7 29. Bxc7 Nxc7 30. Rc3 b6 31. a5 Nd5 32. Rcc1 Ne3 33. Bh1 c4 34. Kf2 Rd3 35.
axb6 a5 36. b7 Rb8 37. Rxa5 Bd5 38. Nf4 Nd1+ 39. Kg3 Nc3 40. Nxd5 Ne2+ 41. Kf2
Rxb7 42. Kxe2 Rb2+ 43. Kf1 Rxh2 44. Kg1 Rhd2 45. Nf4 Rd4 46. Ne6 Rd6 47. Nc5
Rd1+ 48. Rxd1 Rxd1+ 49. Kg2 c3 50. Nb3 Rb1 51. Nd4 Rd1 52. Ne2 c2 53. Rc5 Rd2
54. Kf2 Kf7 55. Ke3 Rd1 56. Bg2 h5 57. gxh5 f5 58. Rxc2 Kf6 59. f4 Rd6 60. Bf3
Re6+ 61. Kf2 Rd6 62. Rc5 Rd2 63. Ke3 Rd6 64. Ng3 Re6+ 65. Kf2 Rb6 66. Rxf5+ Ke6
67. Rg5 Kf7 68. Nf5 Rb2+ 69. Kg3 Kf6 70. Nxg7 Rb3 71. Kg4 Rb4 72. h6 Rb8 73.
Nh5+ Kf7 74. h7 Rh8 75. Be4 Ke7 76. Rg8 1-0

[Event "PRO League Group Stage"]
[Site "chess.com INT"]
[Date "2019.02.07"]
[Round "5"]
[White "Negi, Parimarjan"]
[Black "Xu, Xiangyu"]
[Result "1-0"]
[WhiteTitle "GM"]
[BlackTitle "GM"]
[WhiteElo "2656"]
[BlackElo "2567"]
[WhiteTeam "San Francisco Mechanics"]
[BlackTeam "Chengdu Pandas"]
[WhiteFideId "5016690"]
[BlackFideId "8608288"]
[EventDate "2019.01.08"]

1. e4 e5 2. Nf3 Nf6 3. Nxe5 d6 4. Nf3 Nxe4 5. d4 d5 6. Bd3 Nc6 7. O-O Be7 8. Nc3
Nxc3 9. bxc3 Bg4 10. Rb1 Rb8 11. h3 Bh5 12. g4 Bg6 13. Bxg6 hxg6 14. Kg2 Qd7 15.
Qd3 O-O 16. c4 dxc4 17. Qxc4 Rfd8 18. c3 Qd5 19. Qxd5 Rxd5 20. c4 Rdd8 21. Be3
b6 22. Rfc1 Bf6 23. d5 Ne5 24. Nd4 Nd3 25. Rc3 Nc5 26. Ra3 Bxd4 27. Bxd4 a6 28.
Bxc5 bxc5 29. Rxb8 Rxb8 30. Ra5 Kf8 31. Rxc5 Rb7 32. Rc6 Ra7 33. a4 a5 34. g5
Ke7 35. f4 Kd7 36. h4 Rb7 37. f5 gxf5 38. h5 Rb2+ 39. Kg3 Rb1 40. h6 Rg1+ 41.
Kf4 g6 42. Ke5 f4 43. Kf6 f3 44. Kxf7 f2 45. Rf6 f1=Q 46. Rxf1 Rxf1+ 47. Kxg6
Ke7 48. h7 Rf8 49. Kg7 Rf7+ 50. Kh6 Rf8 51. g6 1-0

[Event "PRO League Group Stage"]
[Site "chess.com INT"]
[Date "2019.02.07"]
[Round "5"]
[White "Shankland, Samuel"]
[Black "Bai, Jinshi"]
[Result "1/2-1/2"]
[WhiteTitle "GM"]
[BlackTitle "GM"]
[WhiteElo "2725"]
[BlackElo "2572"]
[WhiteTeam "San Francisco Mechanics"]
[BlackTeam "Chengdu Pandas"]
[WhiteFideId "2004887"]
[BlackFideId "8602280"]
[EventDate "2019.01.08"]

1. e4 e5 2. Nf3 Nf6 3. d4 Nxe4 4. Bd3 d5 5. Nxe5 Nd7 6. Nxd7 Bxd7 7. O-O Be7 8.
Nd2 Nf6 9. Nf3 Bg4 10. h3 Bh5 11. Bf4 O-O 12. Re1 Re8 13. g4 Bg6 14. Ne5 c6 15.
c3 Bxd3 16. Qxd3 Nd7 17. Nf3 Nf8 18. Re3 Ne6 19. Bg3 Bd6 20. Rae1 Bxg3 21. fxg3
Qd6 22. Kg2 Nc7 23. g5 Re6 24. Ne5 f6 25. Nf3 Rxe3 26. Rxe3 Re8 27. gxf6 Rxe3
28. f7+ Kxf7 29. Qxe3 Qf6 30. Ne5+ Kg8 31. h4 Ne6 32. Qd3 Nf8 33. a4 Qe6 34. Qf3
Nd7 35. Nxd7 Qxd7 36. Qf4 Qe7 37. Kf2 a6 38. a5 g6 39. b4 Qf7 40. Ke3 Qxf4+ 41.
Kxf4 Kf7 42. Ke5 Ke7 43. h5 gxh5 44. Kf5 Kf7 45. Kg5 Kg7 46. Kxh5 h6 47. Kg4 Kg6
48. Kh4 h5 49. g4 hxg4 50. Kxg4 Kf6 51. Kf4 Ke6 52. Kg5 Ke7 53. Kf5 Kf7 54. Ke5 1/2-1/2

[Event "PRO League Group Stage"]
[Site "chess.com INT"]
[Date "2019.02.07"]
[Round "5"]
[White "Chu, Wei Chao"]
[Black "Wu, Rochelle"]
[Result "1-0"]
[WhiteTitle "IM"]
[BlackTitle "WCM"]
[WhiteElo "2373"]
[BlackElo "2154"]
[WhiteTeam "Chengdu Pandas"]
[BlackTeam "San Francisco Mechanics"]
[WhiteFideId "8605661"]
[BlackFideId "30908132"]
[EventDate "2019.01.08"]

1. d4 d5 2. c4 c6 3. Nc3 Nf6 4. Nf3 e6 5. e3 a6 6. Be2 dxc4 7. Bxc4 b5 8. Be2 c5
9. O-O Bb7 10. dxc5 Qxd1 11. Rxd1 Bxc5 12. Nd2 Nbd7 13. Nb3 Bb6 14. a4 b4 15. a5
Bc7 16. Na4 O-O-O 17. Bd2 Bd6 18. Be1 Be7 19. f3 Kb8 20. Bg3+ Ka7 21. e4 Bc6 22.
Rdc1 Rc8 23. Nb6 Nxb6 24. axb6+ 1-0

[Event "PRO League Group Stage"]
[Site "chess.com INT"]
[Date "2019.02.07"]
[Round "5"]
[White "Zhai, Mo"]
[Black "Naroditsky, Daniel"]
[Result "0-1"]
[WhiteTitle "WGM"]
[BlackTitle "GM"]
[WhiteElo "2365"]
[BlackElo "2616"]
[WhiteTeam "Chengdu Pandas"]
[BlackTeam "San Francisco Mechanics"]
[WhiteFideId "8600201"]
[BlackFideId "2026961"]
[EventDate "2019.01.08"]

1. Nf3 Nf6 2. c4 g6 3. Nc3 Bg7 4. e4 O-O 5. d4 d6 6. Be2 c5 7. O-O Re8 8. dxc5
dxc5 9. Be3 b6 10. Qc2 Bb7 11. Rad1 Qc8 12. h3 Nc6 13. Bg5 h6 14. Be3 e5 15. Nd5
Nd4 16. Nxd4 exd4 17. Bf4 Nxe4 18. Nc7 Qf5 19. Qc1 Nc3 20. bxc3 Rxe2 21. Nxa8
Rc2 22. Nc7 Rxc1 23. Bxc1 dxc3 24. Nd5 Qe4 25. Rfe1 c2 0-1

[Event "PRO League Group Stage"]
[Site "chess.com INT"]
[Date "2019.02.07"]
[Round "5"]
[White "Sargissian, Gabriel"]
[Black "Mamedov, Rauf"]
[Result "1/2-1/2"]
[WhiteTitle "GM"]
[BlackTitle "GM"]
[WhiteElo "2689"]
[BlackElo "2703"]
[WhiteTeam "Seattle Sluggers"]
[BlackTeam "San Jose Hackers"]
[WhiteFideId "13300881"]
[BlackFideId "13401653"]
[EventDate "2019.01.08"]

1. d4 g6 2. c4 Bg7 3. e4 d6 4. Nc3 Nc6 5. Nf3 Bg4 6. Be3 e5 7. d5 Nd4 8. Be2
Bxf3 9. Bxf3 c5 10. dxc6 bxc6 11. b4 Ne7 12. O-O O-O 13. g3 Rb8 14. Rb1 a5 15.
b5 Qd7 16. Bg2 cxb5 17. Nxb5 Nec6 18. Qa4 h5 19. h4 Kh7 20. Nc3 Rb4 21. Rxb4
axb4 22. Nd5 Qb7 23. Bxd4 exd4 24. Rb1 Ra8 25. Qb5 Rb8 26. Qxb7 Rxb7 27. Bf1 Ra7
28. Nxb4 Nxb4 29. Rxb4 Rxa2 30. Rb5 d3 31. Rd5 d2 32. Kg2 Be5 33. Be2 f6 34. Bd1
Kg7 35. f4 Bc3 36. Rxd6 Ra1 37. Be2 Bb4 38. Rd5 Ra2 39. Kf3 Ra3+ 40. Kf2 Ra2 41.
Ke3 Ra3+ 42. Kf2 Ra2 43. Ke3 Ra3+ 44. Kf2 1/2-1/2

[Event "PRO League Group Stage"]
[Site "chess.com INT"]
[Date "2019.02.07"]
[Round "5"]
[White "Sadorra, Julio Catalino"]
[Black "Safarli, Eltaj"]
[Result "0-1"]
[WhiteTitle "GM"]
[BlackTitle "GM"]
[WhiteElo "2568"]
[BlackElo "2681"]
[WhiteTeam "Seattle Sluggers"]
[BlackTeam "San Jose Hackers"]
[WhiteFideId "5201268"]
[BlackFideId "13402129"]
[EventDate "2019.01.08"]

1. d4 Nf6 2. Nf3 g6 3. Bg5 Bg7 4. Nbd2 O-O 5. c3 d6 6. e4 c5 7. dxc5 dxc5 8. Bc4
Nc6 9. Qe2 Qc7 10. e5 Ng4 11. e6 f5 12. O-O b6 13. h3 Nf6 14. Rfe1 Bb7 15. Rad1
Rad8 16. Nf1 Na5 17. Ne3 Nxc4 18. Qxc4 Bxf3 19. gxf3 Qc6 20. Bxf6 Bxf6 21. Nd5
Kg7 22. Nxf6 Rxd1 23. Ne8+ Rxe8 24. Rxd1 Qxf3 25. Rd3 Qe2 26. Qd5 Qxb2 27. Qe5+
Kg8 28. Rg3 Qb1+ 29. Kh2 Qe4 30. Qxe4 fxe4 31. Re3 Rd8 32. Rxe4 Rd2 33. Ra4 a5
34. Kg3 Re2 35. c4 Rxe6 36. Ra3 Kf7 37. Rb3 Ke8 38. Kg4 Kd7 39. Kg5 Re5+ 40. Kg4
Kc6 41. f4 Re2 42. Kg5 Rxa2 43. Kh6 Rf2 44. Re3 Rxf4 45. Re6+ Kd7 46. Rxb6 Rxc4
47. Kxh7 Rh4+ 48. Kxg6 Rxh3 49. Ra6 Ra3 50. Kf5 a4 51. Ke4 Ra1 52. Kd3 a3 53.
Kc2 e5 54. Kb3 e4 55. Ra4 Re1 56. Kc4 Kd6 57. Rxa3 Rc1+ 58. Kb5 Kd5 59. Ra8 Rb1+ 0-1

[Event "PRO League Group Stage"]
[Site "chess.com INT"]
[Date "2019.02.07"]
[Round "5"]
[White "Prasanna, Raghuram Rao"]
[Black "Margvelashvili, Giorgi"]
[Result "1/2-1/2"]
[WhiteTitle "IM"]
[BlackTitle "GM"]
[WhiteElo "2460"]
[BlackElo "2530"]
[WhiteTeam "San Jose Hackers"]
[BlackTeam "Seattle Sluggers"]
[WhiteFideId "5022401"]
[BlackFideId "13602926"]
[EventDate "2019.01.08"]

1. d4 Nf6 2. c4 e6 3. Nc3 Bb4 4. e3 c5 5. Ne2 cxd4 6. exd4 d5 7. a3 Be7 8. Nf4
O-O 9. cxd5 Nxd5 10. Ncxd5 exd5 11. Bd3 Nc6 12. Be3 g6 13. O-O Bf6 14. Bb5 Ne7
15. Bd3 Bf5 16. Qb3 Bxd3 17. Nxd3 Qb6 18. Qxb6 axb6 19. Nb4 Rfd8 20. Rac1 Rac8
21. Rxc8 Rxc8 22. g4 h5 23. h3 hxg4 24. hxg4 Kf8 25. Kg2 Ke8 26. Rh1 Kd7 27. Rh7
Rh8 28. Rxh8 Bxh8 1/2-1/2

[Event "PRO League Group Stage"]
[Site "chess.com INT"]
[Date "2019.02.07"]
[Round "5"]
[White "Ravuri, Vinesh"]
[Black "Yu, Jason"]
[Result "1-0"]
[WhiteElo "2042"]
[BlackElo "2081"]
[WhiteTeam "San Jose Hackers"]
[BlackTeam "Seattle Sluggers"]
[WhiteFideId "45042632"]
[BlackFideId "30907624"]
[EventDate "2019.01.08"]

1. d4 Nf6 2. Nc3 d5 3. Bf4 Bf5 4. e3 e6 5. f3 h5 6. Bd3 Bxd3 7. Qxd3 Nbd7 8. e4
Nb6 9. Nge2 a6 10. a4 Bb4 11. O-O Qe7 12. Bg5 Qd7 13. b3 Nh7 14. Be3 O-O-O 15.
a5 Na8 16. Na4 f5 17. exf5 exf5 18. Nc5 Bxc5 19. dxc5 c6 20. Nd4 Rhf8 21. Bf4 g5
22. Bd6 Rf7 23. Rfe1 g4 24. f4 Nf6 25. Qxf5 Qxf5 26. Nxf5 Ne4 27. Ng3 Nxd6 28.
cxd6 h4 29. Ne2 Rxd6 30. g3 Nc7 31. Rad1 Kd7 32. Nc1 hxg3 33. hxg3 Nb5 34. Nd3
Rh7 35. Ne5+ Kc7 36. Kg2 Nc3 37. Rh1 Rh3 38. Nxg4 Rxh1 39. Rxh1 Rg6 40. Ne5 Rg7
41. Kf3 Ne4 42. g4 Kd6 43. Rh6+ Kc5 44. f5 Kd4 45. Kf4 Kc3 46. f6 Nxf6 47. Rxf6
Kxc2 48. Rf7 Rg8 49. Rxb7 c5 50. Rc7 Kxb3 51. Rxc5 d4 52. Ke4 Kb4 53. Kxd4 Rf8
54. Nc6+ Ka4 55. Rf5 Rc8 56. Kc5 Rc7 57. g5 Rb7 58. Rf4+ Kb3 59. Rb4+ Rxb4 60.
Nxb4 Ka4 61. g6 Kxa5 62. g7 Ka4 63. g8=Q Ka5 64. Qa2# 1-0

[Event "PRO League Group Stage"]
[Site "chess.com INT"]
[Date "2019.02.07"]
[Round "5"]
[White "Xu, Xiangyu"]
[Black "Shankland, Samuel"]
[Result "1/2-1/2"]
[WhiteTitle "GM"]
[BlackTitle "GM"]
[WhiteElo "2567"]
[BlackElo "2725"]
[WhiteTeam "Chengdu Pandas"]
[BlackTeam "San Francisco Mechanics"]
[WhiteFideId "8608288"]
[BlackFideId "2004887"]
[EventDate "2019.01.08"]

1. d4 Nf6 2. c4 c5 3. d5 b5 4. cxb5 a6 5. b6 Qxb6 6. Nc3 d6 7. g3 g6 8. Bg2 Bg7
9. Nf3 O-O 10. O-O a5 11. b3 Nbd7 12. Bb2 a4 13. Nd2 axb3 14. axb3 Ba6 15. Qc2
Rfb8 16. Ra4 Ne8 17. Rfa1 Nc7 18. h4 c4 19. b4 Nc5 20. Nxc4 Bxc4 21. Rxa8 Rxa8
22. Rxa8+ Nxa8 23. bxc5 Qxc5 24. Ne4 Qb4 25. Bxg7 Kxg7 26. Qd1 Qb2 27. Nd2 Nb6
28. Nxc4 Nxc4 29. Qd3 Ne5 30. Qd1 h5 31. Be4 Qc3 32. Qc2 Qe1+ 33. Kg2 f5 34. Bf3
Qb4 35. Qc8 Qb5 36. Qe6 Qd7 37. Qxd7 Nxd7 38. e4 Kf6 39. exf5 Kxf5 40. Bd1 Ke5
41. Bc2 Nf8 42. Bb3 Ke4 43. f3+ Ke3 44. Bc2 Kd4 45. Be4 Ke5 46. Kf2 Kf6 47. g4
Ke5 48. Ke3 e6 49. dxe6 Kxe6 50. Kd4 1/2-1/2

[Event "PRO League Group Stage"]
[Site "chess.com INT"]
[Date "2019.02.07"]
[Round "5"]
[White "Bai, Jinshi"]
[Black "Negi, Parimarjan"]
[Result "1/2-1/2"]
[WhiteTitle "GM"]
[BlackTitle "GM"]
[WhiteElo "2572"]
[BlackElo "2656"]
[WhiteTeam "Chengdu Pandas"]
[BlackTeam "San Francisco Mechanics"]
[WhiteFideId "8602280"]
[BlackFideId "5016690"]
[EventDate "2019.01.08"]

1. d4 Nf6 2. c4 g6 3. Nc3 d5 4. cxd5 Nxd5 5. g3 Bg7 6. Bg2 Nb6 7. Nf3 O-O 8. O-O
Nc6 9. d5 Na5 10. e4 c6 11. Bf4 Nac4 12. Qe2 e5 13. dxe6 Bxe6 14. e5 Bg4 15. b3
Nxe5 16. Bxe5 Re8 17. Rad1 Qc8 18. Qb2 Bxe5 19. Nxe5 Rxe5 20. f3 Bf5 21. g4 Be6
22. f4 Re3 23. Qd2 Rxc3 24. Qxc3 Bxg4 25. Rde1 Qd7 26. Qf6 Nd5 27. Qd4 Be6 28.
Re5 Nb6 29. Qxd7 Nxd7 30. Re3 a5 31. Rd1 Nb6 32. Rd4 a4 33. Rb4 axb3 34. axb3
Nd5 35. Bxd5 Bxd5 36. Rxb7 Ra2 37. h3 Kg7 38. Rb4 Rb2 39. Rd4 Rxb3 40. Rxb3 Bxb3
41. Rd6 Bd5 42. Kf2 Kf8 43. Rd7 Kg7 44. Ke3 Kf6 45. Rd8 Kf5 46. Rh8 h5 47. Rc8
Kf6 48. Rc7 Kf5 49. Rc8 Bg2 50. Rc7 Bxh3 51. Rxf7+ Ke6 52. Rh7 Bg2 53. Rg7 Kf5
54. Rf7+ Kg4 55. Rg7 Kf5 56. Rf7+ Ke6 57. Rg7 Kf6 58. Rh7 Bd5 59. Rh8 Kf5 60.
Rf8+ Ke6 61. Kd4 Bg2 62. Rh8 Kf5 63. Rf8+ Kg4 64. Rf6 g5 65. fxg5 Kxg5 66. Rf8
Bd5 67. Rh8 h4 68. Ke3 Kg4 69. Kf2 h3 70. Rh7 Bg2 71. Rg7+ Kf4 72. Rf7+ Ke5 73.
Rh7 c5 74. Ke3 c4 75. Rh5+ Kf6 76. Kd4 Kg6 77. Rxh3 Bxh3 78. Kxc4 1/2-1/2

[Event "PRO League Group Stage"]
[Site "chess.com INT"]
[Date "2019.02.07"]
[Round "5"]
[White "Naroditsky, Daniel"]
[Black "Chu, Wei Chao"]
[Result "1/2-1/2"]
[WhiteTitle "GM"]
[BlackTitle "IM"]
[WhiteElo "2616"]
[BlackElo "2373"]
[WhiteTeam "San Francisco Mechanics"]
[BlackTeam "Chengdu Pandas"]
[WhiteFideId "2026961"]
[BlackFideId "8605661"]
[EventDate "2019.01.08"]

1. Nf3 Nf6 2. g3 g6 3. b3 Bg7 4. Bb2 b6 5. Bg2 Bb7 6. O-O O-O 7. d4 d5 8. c4 e6
9. Nc3 Nbd7 10. cxd5 Nxd5 11. Nxd5 Bxd5 12. Qd2 c5 13. dxc5 Nxc5 14. Bxg7 Kxg7 1/2-1/2

[Event "PRO League Group Stage"]
[Site "chess.com INT"]
[Date "2019.02.07"]
[Round "5"]
[White "Wu, Rochelle"]
[Black "Zhai, Mo"]
[Result "0-1"]
[WhiteTitle "WCM"]
[BlackTitle "WGM"]
[WhiteElo "2154"]
[BlackElo "2365"]
[WhiteTeam "San Francisco Mechanics"]
[BlackTeam "Chengdu Pandas"]
[WhiteFideId "30908132"]
[BlackFideId "8600201"]
[EventDate "2019.01.08"]

1. d4 Nf6 2. c4 g6 3. f3 c5 4. d5 e6 5. Nc3 exd5 6. cxd5 d6 7. e4 Bg7 8. Bd3
Nbd7 9. Nge2 h5 10. O-O a6 11. a4 Rb8 12. Bf4 Qe7 13. Re1 h4 14. Qd2 Nh7 15.
Rac1 g5 16. Be3 Ne5 17. f4 gxf4 18. Nxf4 Bf6 19. Nh5 Bg5 20. Rf1 Rg8 21. Bxg5
Qxg5 22. Qxg5 Rxg5 23. Be2 Bh3 24. Rf2 Ke7 25. Nf4 Bg4 26. Bxg4 Nxg4 27. Re2 Ne5
28. Nd1 Nf6 29. Nf2 c4 30. b3 b5 31. axb5 axb5 32. bxc4 bxc4 33. N2h3 Rg4 34.
Kh1 Rb4 35. Re3 Nfd7 36. Ne2 Nd3 37. Rf1 Rb3 38. Nd4 Rb6 39. Nc6+ Kf8 40. Ng1
Rb2 41. Ne2 N7e5 42. Nxe5 Nxe5 43. h3 Rg5 44. Nf4 Kg7 45. Ra3 Rd2 46. Ra7 Kh6
47. Ra6 c3 48. Rxd6+ Kh7 49. Rd8 c2 50. Rc8 Rd1 51. Kg1 Nf3+ 52. Kf2 Nd2 53. Re1
Nxe4+ 54. Ke2 Rd2+ 55. Ke3 Rd1 56. Ke2 Ng3+ 57. Kf2 Rf5 58. Rxc2 Rxf4+ 59. Ke3
Re4+ 0-1

[Event "PRO League Group Stage"]
[Site "chess.com INT"]
[Date "2019.02.07"]
[Round "5"]
[White "Tarini, Goyal"]
[Black "Adhiban, Baskaran"]
[Result "0-1"]
[WhiteTitle "WFM"]
[BlackTitle "GM"]
[WhiteElo "2150"]
[BlackElo "2689"]
[WhiteTeam "Delhi Dynamite"]
[BlackTeam "Mumbai Movers"]
[WhiteFideId "5082749"]
[BlackFideId "5018471"]
[EventDate "2019.01.08"]

1. d4 d5 2. c4 Nc6 3. e3 e5 4. cxd5 Qxd5 5. Nc3 Bb4 6. Bd2 Bxc3 7. bxc3 Nf6 8.
c4 Qd6 9. d5 Ne7 10. Nf3 Ne4 11. Qc2 f5 12. Bc3 Ng6 13. Be2 O-O 14. O-O Bd7 15.
Bb2 b6 16. a4 a5 17. Ba3 Nc5 18. Nd2 Rae8 19. Nb3 f4 20. Nxc5 bxc5 21. Bd3 f3
22. g3 e4 23. Bxe4 Bxa4 24. Qb1 Qd7 25. Bxc5 Ne5 26. Bxh7+ Kh8 27. Bf5 Rxf5 28.
Rxa4 Rh5 0-1